000 00488nam a2200181Ia 4500
008 240925s9999 xx 000 0 und d
020 _a9788131727249
082 _a621.395 TOC
100 _aTocci, Ronald J.
245 0 _aDigital Systems: principles and applications
250 _a10th
260 _aNew Delhi:
_bPearson Education
_c,2009.
300 _a700p.
_bNA
_fOriginal
500 _aIncludes Index
600 _aElectronic Engineering
650 _aTechnology
942 _cBK
999 _c13125
_d13125